| 000 | 00720cam a22002413a 4500 | ||
|---|---|---|---|
| 001 | 25914 | ||
| 003 | PGUSA | ||
| 005 | 20140828083546.0 | ||
| 008 | 080627s2008||||xxu|||||s|||||000 | eng d | ||
| 040 |
_aPGUSA _beng |
||
| 042 | _adc | ||
| 050 | 4 | _aTX | |
| 100 | 1 | _aCore, Mary Kennedy | |
| 245 | 1 | 4 |
_aThe Khaki Kook Book : _bA Collection of a Hundred Cheap and Practical Recipes Mostly from Hindustan _h[electronic resource] / _cMary Kennedy Core |
| 260 |
_bProject Gutenberg, _c2008 |
||
| 506 | _aPublic domain in the USA. | ||
| 516 | _aElectronic text | ||
| 653 | _aCooking, Indic | ||
| 653 | _aCookbooks | ||
| 830 | 0 |
_aProject Gutenberg _v25914 |
|
| 856 | 4 | 0 | _uhttp://www.gutenberg.org/ebooks/25914 |
| 942 | _cEB | ||
| 999 |
_c255169 _d255169 |
||